000 01581nam a22004217a 4500
003 OSt
005 20230524085546.0
008 221006b |||||||| |||| 00| 0 eng d
040 _cBiblioteca Lado V
082 _a700
_bA786l
110 _9830
_aARTEDER
_eEditor
245 _aLAPIZ/
_bRevista Mensual de Arte/
260 _bFeria internacional de Bilbao
_c1997
_aEspaƱa
300 _c22x29cm
_a98p.
366 _espa
490 _a132
_vXVI
505 _aEditorial
505 _aLa Performance
505 _aEntrevista con Axel Hutte
505 _aEntrevista con Jordi Teixidor
505 _aOrlan
505 _aRetrospectiva de Edward y Nancy Kienholz
505 _aAlicia Martin
505 _aCronicas de exposiciones
_gSylvie Fleury Thomas Ruff Susy Gomez Jose Hernandez-Diez Jose Maria Garcia Parody Alvaron Negro Rafael Navarro Toni Socias Rui Chafes
505 _aCuba: La isla posible
505 _aActualidad
505 _aPublicaciones
650 _2Tesauro de Arte & Arquitectura
_aARTE
_9703
650 _2Tesauro de Arte & Arquitectura
_aARQUITECTURA
650 _2Tesauro de Arte & Arquitectura
_aFOTOGRAFIA
_9702
650 _2Tesauro de Arte & Arquitectura
_aENTREVISTAS
650 _2Tesauro de Arte & Arquitectura
_aARQUEOLOGIA
650 _2Tesauro de Arte & Arquitectura
_aREPORTAJES
650 _2Tesauro de Arte & Arquitectura
_aLIBROS
650 _2Tesauro de Arte & Arquitectura
_aNOTICIAS
651 _2Tesauro de Arte & Arquitectura
_aSUBASTAS
942 _2ddc
_c1
_h700
_iA786l
_n0
999 _c3680
_d3680